[Event "Verbandsliga Nord Werder4-Stade"]
[Site "?"]
[Date "2019.02.03"]
[Round "6.4"]
[White "Jung, Gerald"]
[Black "Bruemmel, Arend"]
[Result "1-0"]
[WhiteElo "1940"]
[BlackElo "2053"]
[Annotator "Gerald Jung und Stockfish 8 (10s)"]
[PlyCount "49"]
[EventDate "2019.??.??"]

{[%mdl 8256][%evp 0,49,19,8,35,-29,-9,-39,-39,-57,3,-3,12,6,-16,-16,-8,-18,-39,
-51,-46,-50,-48,-113,-116,-107,-111,-120,-122,-134,-79,-169,-108,-107,-68,-94,
34,-99,38,71,116,134,175,268,324,324,799,799,29995,29996,29997,29998] Heute
mal ein Erfolg im "Kaffeehaus-Schach"} 1. Nc3 d5 2. e4 dxe4 3. Bc4 Nf6 4. f3 (
4. Be2 Nc6 5. a3 Bf5 6. d3 e5 7. Bg5 Be7 8. Nh3 Qd7 9. O-O O-O-O 10. Qd2 h6 11.
Be3 exd3 12. cxd3 Bd6 13. Na4 e4 14. d4 Bxh3 15. f4 g5 16. Nc5 Bxc5 17. Qc2
gxf4 18. Rxf4 Bd6 {Kappler,R (764)-Perez Berroth,P (867) Ditzingen 2014 0-1}
19. Rxf6 Rdg8 20. g3 Bxg3 21. hxg3 Rxg3+ 22. Kf2 Rg2+ 23. Ke1 Nxd4 24. Bxd4
Qxd4 25. Kf1 Qg1# {0-1 (25) Kappler,R (764)-Perez Berroth,P (867) Ditzingen
2014}) 4... exf3 (4... e5 5. fxe4 Bc5 6. Nf3 O-O 7. d3 c6 8. Qe2 b5 9. Bb3 Qd6
10. a4 b4 11. Nd1 Be6 12. Bxe6 Qxe6 13. Be3 Be7 14. O-O Nbd7 15. Ng5 Qd6 16. b3
Ne8 17. Nh3 Qe6 18. Bf2 Nd6 19. Ne3 {Kroell,J (2180)-Hengl,C (2211) Austria
2001 1/2-1/2} g6 20. g4 f5 21. exf5 gxf5 22. gxf5 Nxf5 {1/2-1/2 (22) Kroell,J 
(2180)-Hengl,C (2211) Austria 2001}) 5. Nxf3 c5 $146 {Bereits als "interessant
empfohlen im Referenzwerk "Linksspringer" (2004) von Keilhack.} (5... e6 6. d4
{0-1 (6) Pleasants,A (2085)-Salimbeni,G (2115) Yeovil 2009} (6. O-O Be7 7. Kh1
Nbd7 8. d4 Nb6 9. Bd3 O-O 10. Bf4 Nbd5 11. Qd2 Nxf4 12. Qxf4 Nd5 13. Qe4 g6 14.
Nd1 Nb4 15. Bc4 c6 16. Nf2 Nd5 17. Rad1 a5 18. a3 Qb6 19. Nd3 Qc7 20. Ba2 b6 {
Alonso Jimenez,J (2083)-Montpart Pons,J Girona 2003 1-0 (32)} 21. Nde5 Bb7 22.
c4 Nf6 23. Qf4 Nh5 24. Qh6 Ng7 25. Bb1 Nf5 26. Qf4 Rac8 27. g4 Ng7 28. Qh6 c5
29. Kg1 Bxf3 30. Rxf3 cxd4 31. Rh3 Nh5 32. Rxh5 {1-0 (32) Alonso Jimenez,J 
(2083) -Montpart Pons,J Girona 2003}) 6... Be7 7. O-O O-O 8. Bg5 c6 9. Qe1 Ne8
10. Ne4 Nd6 11. Nxd6 Qxd6 12. Qh4 Bd8 13. Bd3 h6 14. Qh5 Bxg5 15. Nxg5 Qxd4+
16. Kh1 f5 17. Rad1 Qf6 18. h4 Bd7 19. g4 Be8 20. Rxf5 Bxh5 21. Rxf6 {Hartmann
Frobenius, A-Solger,G Ingolstadt 1991 0-1 (47)} gxf6 22. Nxe6 Bxg4 23. Rg1 h5
24. Nf4 Kf7 25. Bc4+ Ke8 26. Ng6 Nd7 27. Re1+ Kd8 28. Nxf8 Nxf8 29. Bf7 Kd7 30.
Re3 Rd8 31. Ra3 a6 32. Ra5 f5 33. Re5 Kd6 34. Re3 Kc7 35. Re5 Rd1+ 36. Kg2 {
Hartmann Frobenius,A-Solger,G Ingolstadt 1991 0-1 (47)}) (5... Bf5 6. O-O Nc6
7. d4 $17) 6. O-O Nc6 7. d3 (7. b3 $5) 7... e6 $17 8. Bg5 (8. Qe2 Be7 $17) 8...
Be7 9. Qd2 (9. Qe1 a6 $17) 9... O-O 10. Rae1 a6 (10... b6 11. Qf4 Bb7 $17) 11.
Qf4 {[#] Weiß hat eine Art "Blackmar-Diemer" auf den Tisch gestellt und kann
nur lauern auf schwarze Ungenauigkeiten.} (11. a4 Kh8 $17) 11... b5 12. Bb3 Bb7
$1 $17 {Objektiv segelt Schwarz auf den Partiegewinn zu - Weiss kann nur auf
die üblich unklaren Verwicklungen hoffen. Interessanterweise gerät mein
Gegner in Zeitknappheit (Weiss Rest 117; Schwarz 51; bei Zug 17 dann 106:7 !)!}
13. a4 Qb6 (13... Na5 14. Ba2 b4 15. Ne2 $17 h6 $5 16. Bxh6 $5 gxh6 17. Qxh6
Nh7 $1 (17... Ng4 $2 18. Qf4 $1 $40) 18. d4 $5 (18. Nf4 Bxf3 19. Rxf3 Qd4+ 20.
Kh1 Bg5 21. Qh5 b3 (21... Bxf4 $6 22. Re4 $3 $132) 22. c3 Qg7 $19) (18. Ne5 Bg5
$6 (18... b3 $1 19. Nxf7 Rxf7 20. Rxf7 Kxf7 21. Qxh7+ Ke8 22. cxb3 Qd5 $19) 19.
Qh3 $13 b3 20. cxb3 Qc7 21. Ng3 Nc6 22. Nf3 Bf4 23. Nh5 Ne7 $17) 18... Bd6 $5
$19) 14. Kh1 Rad8 {[#]} (14... Nd4 $1 15. Ne4 Nxf3 16. Nxf6+ gxf6 17. Bxf6 Bxf6
18. Qxf6 $17) 15. Bxf6 (15. Qg3 $5 Kh8 $5 16. Qh4 Bc8 17. axb5 axb5 18. Qh3 c4
19. dxc4 bxc4 20. Ba4 Nd4 21. Ne5 Bb7 22. Nxc4 Qc5 23. Ne5 Kg8 24. Bxf6 Bxf6
25. Nd7 Rxd7 26. Bxd7 Nxc2 27. Ne4 Bxe4 28. Rxe4 Qd5 29. Bxe6 fxe6 30. Qxe6+
Qxe6 31. Rxe6 $13 Rc8 $15) (15. axb5 $5 Nd4 $5 16. Ne5 $5 (16. Nxd4 Rxd4 17.
Ne4 Bxe4 18. dxe4 Qxb5 19. c3 Rxe4 20. Rxe4 Bd6 21. Bc4 Bxf4 22. Bxb5 Nxe4 23.
Bxf4 axb5 $19) (16. bxa6 Bxf3 17. Rxf3 Nxf3 18. gxf3 Rd4 $17) 16... Nxb3 17.
bxa6 Bxg2+ 18. Kxg2 Nd4 19. Qg3 Qxb2 20. Bxf6 Bxf6 21. Rxf6 Qxc3 $19) 15...
Bxf6 (15... gxf6 $2 16. Ne4 c4 17. Nxf6+ Bxf6 18. Qxf6 $18) 16. Ne4 (16. axb5
axb5 17. Ne4 Be7 (17... Bxb2 18. Nfg5 Ne5 19. Nxh7 Ng6 20. Qg4 Bxe4 21. Ng5 $3
(21. Nxf8 $6 Bxg2+ 22. Qxg2 Nxf8 23. Re4 Qb7 $17) 21... Bf6 (21... Bd5 $4 22.
Qh5 $18) 22. Rxe4 $5 (22. Nxe4 $6 Be7 $17) 22... Bxg5 23. Qxg5 Rd4 24. Rxd4
cxd4 $15 25. Kg1 Re8 26. h4 Qb8 27. h5 Qe5 28. Qxe5 Nxe5 29. Rf4 Nc6 30. Kf2
$13)) 16... Bxb2 $6 $15 {Hier investierte mein Gegner 14 Minuten !} (16... Be7
$1 $17 {1)} 17. c3 ({2)} 17. axb5 axb5 18. c3 Na5 19. Ba2 $5 c4 $5 20. d4 f5
21. Neg5 Bd5 $17) ({3)} 17. Qe3 Nd4 18. Nxd4 cxd4 $19) 17... Na5 $17 (17...
Rxd3 $6 $11 18. Bc2 Rdd8 19. Nfg5 Rd5 20. Nxh7 $5 (20. Qg3 Rf5 $17 21. Rxf5
exf5 22. Qh3 h6 23. Qxf5 g6 24. Nf6+ Bxf6 25. Qxf6 Qd8 $1 $17 (25... hxg5 $6
$11 26. Bxg6 $132 Qd8 27. Bxf7+ Rxf7 28. Qg6+ Kf8 29. Qh6+ Rg7 30. Rf1+ Kg8 31.
Qe6+ Kh7 32. Qh3+ Kg6 33. Qf5+ Kh6 34. Qh3+ $11)) 20... Rf5 (20... Kxh7 $2 21.
Nf6+ $3 (21. Ng5+ Kg8 22. Qh4 Rb8 23. Qh7+ Kf8 24. Qh8#) 21... Kh8 22. Qh4+ Rh5
23. Qxh5#) 21. Qg4 Ne5 22. Qh3 Rd8 (22... Rxf1+ 23. Rxf1 Bxe4 24. Bxe4 $13 Rd8
25. Ng5 Bxg5 26. Qh7+ Kf8 27. Qh8+ Ke7 28. Qxg7 $132) 23. Rxf5 exf5 24. Qxf5
Ng6 (24... g6 $2 25. Nef6+ Bxf6 26. Nxf6+ Kg7 27. Nh5+ Kg8 28. Qxe5 gxh5 29.
Qg5+ Kf8 30. Bh7 $18) 25. Nhg5 Bxg5 26. Qxg5 Rd5 27. Qg3 Qd8 $13 28. h4 $5
Qxh4+ (28... Nxh4 $2 29. Nf6+ $1 Qxf6 $6 30. Re8#) 29. Qxh4 Nxh4 30. Nxc5 Bc6
31. Nxa6 Rd2 32. Be4 Nxg2 33. axb5 Bxb5 34. Bxg2 Bxa6 35. b4 Bc4 (35... Rc2 $2
36. Re8+ Kh7 37. Be4+ $18) 36. Re4 Be2 37. Rf4 Kf8 38. Rf2 Rd1+ 39. Kh2 Bd3 $11
) 18. Bc2 b4 19. Qe3 Bd5 20. Rf2 Nc6 $17) 17. Nfg5 $1 {[#] Nun fing der
Topscorer (in dieserSaison bislang 5/5) mit Schwitzen an; die entstehenden
Möglicheiten, v.a. mit Sxh7 hatte er nicht kommen sehen ! Jetzt verbrauchte
er 26 seiner 33 Restminuten und entschied sich für schwächere Fortsetzungen;
plötzlich konnte der Kaffeehaus-Spieler sich auf der Siegerstrasse
wiederfinden...} c4 $6 (17... Ne5 $5 18. Nxh7 $1 Ng6 (18... Kxh7 $2 19. Qh4+
Kg8 20. Ng5 $18) 19. Qg4 Bxe4 $8 20. Nxf8 Bxg2+ 21. Qxg2 Nxf8 $15 22. Re4 Bd4
23. Ref4 Rd7 24. Rg4 Qc7 $17) (17... Be5 $5 18. Qg4 $1 (18. Qh4 h6 19. Nxf7 c4
$13 20. Nxd8 Rxf1+ 21. Rxf1 Qxd8 22. Qxd8+ Nxd8 23. dxc4 bxa4 24. Ba2 Bxe4 25.
Re1 Bxc2 26. Rxe5 $14 Kf7 27. Re2 Bf5 28. c5 Nc6 29. Bc4 Nb4 30. c6 Ke7 31. Rd2
Nxc6 32. Ra2 a5 33. Rxa4 Bc2 34. Ra2 Be4 35. Bb5 Nd4 36. Rxa5 h5 37. Kg1 Kf6
38. Bc4 h4 39. Kf2 $16 Bb7 40. Ra4 g5 41. g3 hxg3+ 42. Kxg3 Nf5+ 43. Kf2 Bd5
44. Bd3 Ke5 45. Ra5 Nd4 46. Kg3 Kf6 47. Rc5 Ke5 48. Rc8 Kf6 49. Rf8+ Kg7 50.
Rb8 Nf5+ 51. Kg4 Kf6 52. Rf8+ Ke7 53. Rc8 Kf6 54. Rb8 Ne3+ 55. Kg3 Nf5+ 56. Kf2
Nd4 $132) 18... Nd4 $8 (18... Ne7 $2 19. Nxf7 $40 Rxf7 20. Qxe6 Qxe6 21. Bxe6
Bxe4 22. Rxf7 $18 Bg6 23. Rff1+ Kh8 24. Rxe5 $18) 19. Nxh7 Bxe4 20. Qxe4 f5 (
20... Rfe8 $2 21. Ng5 g6 22. Qh4 $18) 21. Qh4 Rf6 $5 (21... Bf6 22. Qh5 Nxb3
23. cxb3 Rf7 24. Re3 $14) 22. Nxf6+ Bxf6 23. Qh5 Nxb3 24. cxb3 Qc6 25. Qf3 Qxf3
26. Rxf3 Kf7 27. Rc1 Bd4 28. g4 g6 29. Kg2 bxa4 30. bxa4 Rb8 31. h4 Rb2+ 32.
Kh3 Ra2 33. h5 gxh5 34. gxf5 Rxa4 35. Rb1 c4 36. fxe6+ Kxe6 37. dxc4 Rxc4 38.
Re1+ Kd6 39. Rf5 Rc3+ 40. Kh4 Rc5 $11) (17... Nd4 $5 18. Nxh7 $1 Bxe4 19. Qxe4
Nf5 20. Nxf8 Rxf8 21. axb5 axb5 22. g4 Nd4 $13) (17... Na5 $5 18. Nxh7 $5 Bxe4
$8 (18... Kxh7 $2 19. Qh4+ Kg8 (19... Kg6 20. Qg5+ Kh7 21. Qh5+ Kg8 22. Ng5 $18
) 20. Ng5 $18) (18... Nxb3 $2 19. Nhf6+ $1 Bxf6 20. Nxf6+ gxf6 21. Qg4+ Kh7 22.
Re3 $18) 19. Nxf8 Rxf8 20. Qxe4 Nxb3 21. cxb3 $14) 18. dxc4 (18. Nxh7 $5 Ne7 $5
(18... Kxh7 $2 19. Qh4+ Kg6 20. Qg5+ Kh7 21. Qh5+ Kg8 22. Ng5 $18) 19. Nxf8
Rxf8 20. dxc4 Bxe4 21. Qxe4 bxc4 22. Bxc4 $18) 18... h6 $2 (18... Ne5 $5 19.
Nxh7 Ng6 (19... Kxh7 20. Qh4+ Kg8 21. Ng5 $18) (19... bxc4 $4 20. Nhf6+ gxf6
21. Nxf6+ Kg7 22. Rxe5 Bxg2+ 23. Kxg2 Qb7+ 24. Kh3 Rh8+ 25. Rh5 Rxh5+ 26. Nxh5+
Kf8 27. Bxc4 $18) 20. Qg3 Bxe4 (20... Rfe8 $2 21. c5 Qc6 22. Nhg5 $18) 21. Nxf8
Rxf8 22. Rxe4 $13) (18... bxa4 19. Nxh7 Ne7 20. Nxf8 Rxf8 21. c5 $18) (18...
Be5 19. Qg4 $1 Nd4 (19... h6 $2 20. c5 Qc7 21. Rxf7 $5 Rxf7 22. Nxf7 Kxf7 $6
23. Qxe6+ Kf8 24. Qg8+ Ke7 25. Qf7#) 20. Nxh7 $5 Bxe4 21. Qxe4 f5 22. Qh4 Bf6
23. Qh5 Rf7 24. c5 Qxc5 25. Rxe6 Nxe6 26. Bxe6 Qe7 27. Qxf5 Kh8 28. Bxf7 Qxf7
29. axb5 axb5 30. Nxf6 Qxf6 31. Qxb5 $18 (31. Qxf6 $6 gxf6 32. Rxf6 $4 Rd1+
$132)) 19. c5 $18 {[#]} (19. Nxf7 $18) 19... Qa5 (19... hxg5 20. Nxg5 Qxc5 21.
Qh4 Qxg5 22. Qxg5 $18 Nd4 23. Qe7 Nxb3 24. Qxb7 Nc5 25. Qb6 Nxa4 26. Qxa6 Nc3
27. Qa5 Rd2 28. Qb4 Rxc2 29. Rxe6 Nd5 30. Qb3 Rc3 31. Qxd5 fxe6 32. Qxe6+ Kh7
33. Qe4+ Kh6 34. Qh4+ Kg6 35. Rg1 Rfc8 36. Qe4+ Kf7 37. Qd5+ Kg6 38. Qxb5 Rc2
39. Qd3+ Kf7 40. Qd5+ Kg6 41. Qe4+ Kf7 42. g4 Kg8 43. g5 Kh8 44. Qh4+ Kg8 45.
Qg4 Rc1 46. Qe6+ Kf8 47. Qf5+ Ke7 48. Qe4+ Kf7 49. g6+ Kf6 50. Qf4+ Ke6 51.
Qe3+ Kd5 52. Qd2+ Bd4 53. Rxc1 Rxc1+ 54. Qxc1 $18) 20. Nxf7 $18 Be5 (20... Nd4
21. Ned6 Nxb3 22. Nxb7 Qxe1 23. Nbxd8 Qe2 24. cxb3 Bf6 25. axb5 axb5 $18) 21.
Qg4 $1 (21. Nxh6+ $5 gxh6 (21... Kh7 22. Ng5+ $1 Kxh6 (22... Kg6 23. Qg4 Rf4 (
23... gxh6 24. Qxe6+ Kxg5 25. h4+ Kxh4 26. Qxh6+ Kg4 27. Be6+ Rf5 28. Bxf5+ Kg3
29. Re3#) 24. Qxe6+ Bf6 25. Rxf4 $18) 23. Nf7+ Kg6 24. Qg4+ Kh7 25. Qh5+ Kg8
26. Qh8#) 22. Qxh6 $40 Bc8 (22... Nd4 23. Bxe6+ Nxe6 24. Qxe6+ Kg7 25. Qxe5+
Kg8 26. Nf6+ Rxf6 27. Qg5+ Kh8 28. Qxf6+ Kg8 29. Re7 $18) 23. Ng5 Qc7 24. Nxe6
Bxe6 25. Bxe6+ Rf7 26. Qg6+ Kh8 27. Bxf7 $18) (21. Nxh6+ Kh7 22. Ng5+ Kg6 23.
Qg4 Rf4 24. Qxe6+ Bf6 25. Rxf4 Ne7 26. Rg4 Qxe1+ 27. Qxe1 Bxg5 28. Rxg5+ Kh7
29. Nf5 Nxf5 30. Rxf5 Rd1 31. Rh5+ Kg6 32. Qxd1 Bc8 33. Qf3 Be6 34. Bxe6 b4 35.
Bf7#) 21... Rxf7 (21... Qxe1 22. Rxe1 Rxf7 23. Bxe6 $18) (21... Qc7 22. Nxh6+
Kh8 23. Nf7+ Rxf7 24. Qh5+ Kg8 25. Ng5 $1 g6 26. Qxg6+ Rg7 27. Bxe6+ Kh8 28.
Qh6+ Rh7 29. Rf8+ Rxf8 30. Qxf8#) 22. Qxe6 Rdf8 23. Rxf7 Rxf7 (23... Nd8 24.
Rxf8+ (24. Nf6+ Bxf6 25. Rxf8+ Kxf8 26. Qg8#) 24... Kxf8 25. Rf1+ Bf6 26. Rxf6+
gxf6 27. Qg8+ Ke7 28. Qg7+ Ke8 29. Nd6#) (23... Qxe1+ 24. Rf1+ $1 {check !} Kh7
25. Rxe1 $18) 24. Qxf7+ Kh7 {[#] Nun den Punch mit dem Linksspringer :} (24...
Kh8 25. Qg8#) 25. Ng5+ $1 (25. Ng5+ hxg5 26. Qh5#) 1-0

[Event "Senioren MM BSG 1 - Werder"]
[Site "?"]
[Date "2018.05.28"]
[Round "4.3"]
[White "Meyer-Siebert, Ingolf"]
[Black "Rust-Lux, Klaus"]
[Result "1-0"]
[WhiteElo "1989"]
[BlackElo "1990"]
[Annotator "Taktische Analyse 2.10 (10s), Red."]
[PlyCount "109"]
[EventDate "2018.??.??"]

{[%evp 10,109,38,37,67,39,99,99,136,104,157,148,164,167,164,154,351,265,418,82,
75,77,75,78,82,75,76,68,79,86,86,79,83,52,49,30,51,0,57,34,37,29,32,0,10,0,10,
0,0,0,0,-33,47,47,159,135,171,177,168,173,168,168,218,46,75,86,217,198,239,241,
230,185,207,175,175,-41,120,77,213,208,269,258,258,258,259,258,261,128,128,104,
462,500,468,404,853,791,29993,29993,29993,7313,29993,29994]} 1. e4 d6 2. d4 Nf6
3. Nc3 g6 4. f4 Bg7 5. Nf3 O-O 6. e5 Nh5 {B09: Pirc-Ufimzew-Verteidigung 
(Dreibauernangriff) - eine interessante Nebenvariante, nicht so schlecht wie
es auf den ersten Blick aussieht.} (6... dxe5 7. fxe5 Nd5 8. Bc4 Nxc3 9. bxc3
c5 10. O-O Bg4 11. Qd3 Nc6 12. Ng5 e6 13. Qg3 Bf5 14. Rxf5 exf5 15. e6 Bxd4+
16. Kf1 Be5 17. Bf4 Qd6 {1/2-1/2 (26) Heimann,A (2590)-Onischuk,V (2627)
Dresden 2018}) 7. Be3 Bh6 $146 (7... c5 $14) ({Vorgänger:} 7... c6 8. Qd2 d5
9. Be2 Bg4 10. Nd1 Bh6 11. Nf2 f5 12. Nxg4 fxg4 13. Ng5 Qc8 14. O-O-O {1/2-1/2
(81) Polanco Nunez,Y (2186)-Barjan Pinedo,J (2047) Santo Domingo 2016}) 8. Qd2
$16 c6 {Weiß steht besser.} 9. Bd3 f6 {[#]} ({Günstiger ist} 9... Na6) 10.
O-O-O fxe5 11. fxe5 Bxe3 12. Qxe3 Kg7 $2 (12... Bg4 $16) 13. g3 (13. exd6 exd6
14. Rhe1 Nf4 $16) 13... Bg4 (13... dxe5 $142 14. Qxe5+ (14. Nxe5 Nd7 $18) 14...
Nf6) 14. Rdf1 $2 (14. Ng5 $18 {und Weiss behält klar die Oberhand.}) 14...
Bxf3 15. Rxf3 Rxf3 16. Qxf3 {Und weiter mit g4 wäre nett.} dxe5 17. dxe5 {
Und g4 würde nun gewinnen.} Nd7 18. Qe3 {Droht stark g4.} Qb6 $1 {[%cal Rb6e3]
} 19. Qg5 Qc5 20. Re1 $1 {[#]} Rf8 21. a3 e6 22. Nd1 Rf7 23. b4 (23. Kb1 $14)
23... Qe7 (23... Qd4 $11) 24. Qd2 a5 25. Re4 Kg8 26. Kb2 axb4 27. axb4 Nb6 28.
Nf2 {[%cal Bd1f2,Bf2g4,Bg4h6][%mdl 32] [#]} Nd5 29. Ng4 Rf8 30. Kb3 Ra8 (30...
b5 $142 31. c4 bxc4+ 32. Rxc4 Rb8 $13) 31. c4 $14 Nc7 (31... c5 32. cxd5 exd5
33. Re3 c4+ 34. Kb2 cxd3 35. Rxd3 Qe6 36. Nh6+ Kf8 37. Rxd5 $16) 32. Nh6+ Kg7
33. g4 $1 {[%cal Rg4h5] [#] Der Angriff auf diesen unglücklichen Springer
entscheidet letztlich die Partie.} g5 34. gxh5 Kxh6 35. Rg4 Rg8 (35... b5 36.
h4 $18) 36. Qg2 $2 (36. h4 $18) 36... b5 37. Qxc6 {h4 ist eine echte Drohung.}
bxc4+ (37... Rd8 $16 38. Bc2 bxc4+ 39. Rxc4 Nd5) 38. Bxc4 $18 {Schwarz muss
nun Td4 beachten.} Kxh5 ({hartnäckiger war} 38... Qd8 39. Qd6 Qa8 40. Rd4 $18)
39. Qg2 Kg6 40. Bd3+ Kf7 41. Bxh7 Rb8 42. Qe4 $2 (42. Qf2+ $142 $1 $18 Kg7 43.
Bc2) 42... Ke8 $2 (42... Kg7 $1 $17 43. Qg6+ Kh8) 43. Qc6+ $16 Kd8 (43... Kf7
$16 {kämpft weiter.}) 44. Bd3 $1 $18 Nd5 {[%cal Rb8b4]} 45. Bb5 $1 $40 {
[%mdl 128]} Rc8 46. Qd6+ Qxd6 47. exd6 {[%mdl 4096] Endspiel KTL-KTS} Rc3+ {[#]
} 48. Ka4 (48. Kb2 $1 $18 Rh3 49. Rxg5) 48... Rh3 $16 {[#]} 49. Bc6 $1 Nc3+ $2
{[%mdl 8192]} (49... Nb6+ $16 50. Ka5 Nc8) 50. Ka5 $18 Rd3 51. d7 Kc7 (51...
Nd5 $142 52. Rxg5 Kc7) 52. Rc4 {Weiss droht Lb5+ und Matt.} Nd5 53. Bb5+ Kb7
54. Bc6+ (54. Ba6+ $142 Ka7 55. d8=Q Ra3+ 56. Kb5 Rh3 57. Qd7+ Nc7+ 58. Rxc7+
Kb8 59. Qd8#) 54... Kc7 55. Ba4+ {Genauigkeit: Weiß = 41%, Schwarz = 28%.} 1-0

[Event "Senioren MM BSG 1 - Werder"]
[Site "?"]
[Date "2018.05.28"]
[Round "4.4"]
[White "Tchetchelnitzki, Boris"]
[Black "Wemßen, Lothar"]
[Result "0-1"]
[WhiteElo "2061"]
[BlackElo "1818"]
[PlyCount "70"]
[EventDate "2018.??.??"]

1. Nf3 Nf6 2. c4 e6 3. Nc3 d5 4. e3 Be7 5. b3 O-O 6. Be2 c5 7. cxd5 exd5 8. d4
b6 9. O-O Bb7 10. Bb2 Nbd7 11. Rc1 Rc8 {[#]} 12. Bd3 Ne4 13. Qe2 Ndf6 14. Rfd1
Bd6 15. g3 Re8 16. Bb5 Re7 17. Nxe4 Nxe4 18. Nh4 g6 19. Qg4 h5 20. Qf3 Rec7 {
[#]} 21. Bf1 $2 (21. Bd3 $142 $15 {verhindert zunächst den Vormarsch des
c-Bauern.}) 21... c4 $1 22. bxc4 dxc4 23. d5 c3 24. Ba1 Nd2 25. Qg2 Ba3 26.
Rxc3 Rxc3 27. Bxc3 Rxc3 $6 (27... Nxf1 $142 $1 $19 28. Qxf1 Rxc3) 28. Rxd2 Rc1
29. Qe4 $2 (29. Qf3 $8 $15) 29... Ba6 30. Nxg6 Bxf1 31. Qd4 Bh3+ 32. Rd1 Rxd1+
33. Qxd1 fxg6 34. Qd3 Qd6 35. e4 Qc5 0-1

[Event "World Chess Championship 2018"]
[Site "London"]
[Date "2018.11.28"]
[Round "14.1"]
[White "Caruana, Fabiano"]
[Black "Carlsen, Magnus"]
[Result "0-1"]
[WhiteElo "2832"]
[BlackElo "2835"]
[Annotator "Matthias Krallmann"]
[PlyCount "56"]
[EventDate "2018.10.20"]
[EventType "match"]
[EventCountry "ENG"]
[SourceTitle "playchess.com"]
[Source "ChessBase"]
[SourceQuality "1"]

{[%evp 22,56,40,44,35,43,47,27,60,43,57,39,70,70,66,63,68,34,64,34,41,-13,-15,
-13,-24,-14,-12,-16,-10,-8,-11,-204,-208,-204,-148,-498,-483]} 1. e4 c5 2. Nf3
Nc6 3. d4 cxd4 4. Nxd4 Nf6 5. Nc3 e5 6. Ndb5 d6 7. Nd5 Nxd5 8. exd5 Ne7 9. c4
Ng6 10. Qa4 Bd7 11. Qb4 Qb8 (11... Bf5 12. h4 a6 13. h5 Nf4 14. Nc3 Be7 15. Be3
Nd3+ 16. Bxd3 Bxd3 17. h6 O-O 18. Rd1 a5 19. Qb5 {1-0 (45) Kramnik,V (2779)
-Roganovic,M (2527) Batumi 2018}) 12. h4 h5 13. Be3 a6 14. Nc3 a5 $146 (14...
Be7 15. g3 O-O 16. Be2 b5 17. cxb5 axb5 18. Bxh5 Rc8 19. Rc1 Bd8 20. Bxg6 fxg6
21. O-O Ba5 22. Qb3 Bxc3 23. Rxc3 Rxc3 24. bxc3 {1/2-1/2 (24) Pecka,J (2429)
-Pravec,L (2380) ICCF email 2016}) 15. Qb3 a4 16. Qd1 Be7 17. g3 Qc8 18. Be2
Bg4 19. Rc1 Bxe2 $1 20. Qxe2 Qf5 {[#]} 21. c5 (21. Nb5 Rc8 (21... O-O 22. Bb6
Ra6 (22... e4) 23. Qe3 Nf4 24. gxf4) 22. O-O O-O 23. b4 axb3 24. axb3 Ra8 25.
Ra1 $14) (21. Bd2 Qg4 22. Ne4 f5 23. Ng5 Bxg5 24. Bxg5) 21... O-O $11 22. c6
bxc6 23. dxc6 Rfc8 24. Qc4 Bd8 25. Nd5 e4 {[#]} (25... Ba5+ $6 26. Kf1 $14) 26.
c7 $2 {[#]} (26. Bd4 $1 Ra5 27. Ne3 Qf3 28. O-O Bxh4 29. Rc3 Bg5 (29... Rg5 30.
Ng2 Qg4 31. Be3) 30. Qb4 Bxe3 31. Rxe3 Qf5 $11) (26. O-O Ne5 27. c7 Rxc7 28.
Qxc7 Qh3) 26... Bxc7 $1 $19 27. Nxc7 Ne5 28. Nd5 $2 {[%mdl 8192]} (28. Qd5 Rab8
29. O-O (29. Qxd6 Nd3+ 30. Kf1 Rxb2 31. Rh2 Nxc1 32. Bxc1 Rc2) 29... Rxc7 30.
Qxd6 Rxc1 31. Qxb8+ Rc8 $17) 28... Kh7 {[#]} 0-1

[Event "FIDE World Rapid-ch Open 2018"]
[Site "St. Petersburg"]
[Date "2018.12.28"]
[Round "14.3"]
[White "Wang, Hao"]
[Black "Dubov, Daniil"]
[Result "0-1"]
[WhiteElo "2730"]
[BlackElo "2703"]
[Annotator "Matthias Krallmann"]
[PlyCount "78"]
[EventDate "2018.12.19"]
[EventType "swiss"]
[EventCountry "RUS"]
[Tiebreak "Cut2 Buchholz+Sum of Buchholz"]
[SourceTitle "playchess.com"]
[Source "ChessBase"]
[SourceQuality "1"]

1. Nf3 Nf6 2. c4 g6 3. g3 Bg7 4. Bg2 c6 5. d4 d5 6. Nbd2 O-O 7. O-O a5 8. b3
Ne4 9. Bb2 Bf5 10. Nh4 Nxd2 11. Qxd2 Be6 12. f4 Nd7 $146 (12... f5 13. Rac1 Nd7
14. Qe3 Bf7 15. cxd5 cxd5 16. Nf3 Nf6 17. Ne5 Ne4 18. Rc2 a4 19. Rfc1 axb3 20.
Qxb3 Bxe5 21. dxe5 Qa5 22. Bd4 Qa4 23. e3 Qxb3 24. axb3 Ra3 25. Rc7 Re8 26.
Rxb7 Be6 27. b4 Nd2 28. b5 Rb3 29. b6 Nc4 30. Kf2 Kf7 31. Ra1 Rb5 32. Bf1 Rb4
33. Be2 Nd2 34. Ke1 Nc4 35. h4 h5 36. Rba7 Rb8 37. Ra8 Rxa8 38. Rxa8 Rb1+ 39.
Kf2 Bd7 40. Rd8 Bc6 41. Rc8 Ba4 42. Bf3 e6 43. Rc7+ Ke8 44. b7 {1-0 (44) Wen,Y
(2617)-Darini,P (2523) Bandar e Anzali 2017}) 13. f5 gxf5 14. Nxf5 Bxf5 15.
Rxf5 e6 16. Rff1 f5 $11 17. cxd5 cxd5 18. Rac1 (18. Ba3 Re8 19. Bf3 Nf6 20.
Rac1 a4 $11) 18... Nf6 19. Bf3 a4 20. Qe3 Qd7 21. Rc2 axb3 22. Qxb3 Rac8 23.
Rfc1 Bh6 24. Rxc8 Rxc8 25. Rc5 Bf8 26. Rb5 Rc7 27. Rb6 Ne4 28. Bxe4 fxe4 {[#]}
29. Kg2 (29. Ba3 Bh6 30. Bc5 Qf7 31. Kg2 e3 32. Qd1 Qf2+ 33. Kh1 Qf5 34. Qb1
$11) 29... Bg7 {[#]} 30. Rb5 $2 (30. Qd1 Qc8 31. a4 Rf7 32. Rb3 Bh6 33. Rc3 Qd8
34. Bc1 $11) 30... Qf7 $1 31. Rb6 Bh6 32. Qd1 Be3 33. Qf1 {[#]} Qh5 $1 34. Rxe6
Rc2 $19 35. Kh1 Rxb2 36. Re5 Qf7 37. Rf5 Qe6 38. Re5 Qd7 39. Qf6 Rb1+ 0-1

[Event "FIDE World Rapid-ch Open 2018"]
[Site "St. Petersburg"]
[Date "2018.12.28"]
[Round "12.5"]
[White "Korobov, Anton"]
[Black "Dubov, Daniil"]
[Result "0-1"]
[WhiteElo "2698"]
[BlackElo "2703"]
[Annotator "Matthias Krallmann"]
[PlyCount "100"]
[EventDate "2018.12.19"]
[EventType "swiss"]
[EventCountry "RUS"]
[Tiebreak "Cut2 Buchholz+Sum of Buchholz"]
[SourceTitle "playchess.com"]
[Source "ChessBase"]
[SourceQuality "1"]

1. d4 d5 2. c4 e6 3. Nc3 Bb4 4. e3 Nf6 5. a3 Be7 6. Nf3 O-O 7. Qc2 Nbd7 8. b4
c6 9. Bb2 dxc4 (9... Re8 10. Bd3 dxc4 11. Bxc4 a5 12. b5 Nb6 13. Bd3 cxb5 14.
Nxb5 Bd7 15. Ne5 Rc8 16. Qe2 Na4 17. O-O Qb6 18. Rab1 Nxb2 19. Rxb2 Red8 20.
Rfb1 Be8 21. Qd2 a4 22. Na7 Qxa7 23. Rxb7 Qa8 24. Rxe7 Rb8 25. Rc7 Rxb1+ 26.
Bxb1 Nd5 27. Rc1 Qb8 28. Qc2 g6 29. Ba2 Ne7 30. h3 Kf8 31. Qc7 Rc8 32. Qxb8
Rxb8 33. Rc2 Nf5 34. Nc4 Rc8 35. Rb2 Ne7 36. e4 Rd8 37. Rd2 Bb5 38. Ne3 Nc6 39.
d5 Ne5 40. Rb2 Bd3 41. Rb4 {1-0 (41) Botvinnik,M-Lipnitsky,I Moscow (Russia)
1951}) 10. Bxc4 a5 11. bxa5 (11. b5 Nb6 12. Bd3 cxb5 13. Nxb5 Bd7 14. O-O Rc8
15. Qe2 Na4 16. Ne5 Bxb5 17. Bxb5 Nc3 18. Bxc3 Rxc3 19. Qb2 Qc7 20. Rfc1 Rc8
21. Nd3 Ne4 22. a4 Bb4 23. g3 h6 24. Nc5 Rxc1+ 25. Rxc1 Nxc5 26. dxc5 Bxc5 27.
Rd1 Rd8 28. Qc2 b6 29. Rxd8+ Qxd8 30. Qd3 Qxd3 31. Bxd3 {1/2-1/2 (31)
Botvinnik,M-Reshevsky,S Moscow (Russia) 1955}) 11... Rxa5 12. O-O b6 13. Ne2 $6
(13. e4 Ba6 14. Nd2 Qc7 15. Rfc1 Rc8 $11) 13... Bb7 14. a4 Qa8 15. Bc3 Ra7 16.
Ng5 Ba6 17. Bxa6 (17. Bb3 c5 18. dxc5 Bxe2 19. Qxe2 Nxc5 20. Qc2 Nfe4 21. Nxe4
Qxe4 22. Bd4 (22. Qxe4 Nxe4 23. Bd4) 22... Qxc2 23. Bxc2 Rfa8) 17... Rxa6 $15
18. Nf4 Bd6 19. Nd3 h6 20. Nf3 Rc8 21. Rfc1 Ra7 22. Qb3 Be7 23. h3 c5 24. dxc5
Nxc5 25. Nxc5 Rxc5 26. Rcb1 Ra6 27. Bb4 Rc7 28. Bxe7 Rxe7 29. Nd4 $11 Ne4 30.
Rc1 Nc5 31. Qb5 Rea7 32. Nc6 Rc7 33. Ne5 Rca7 34. a5 Rxa5 35. Rxa5 Rxa5 36.
Qxb6 Ne4 37. Qd4 Rd5 {[#]} 38. Qxe4 $2 (38. Qb2 Rd2 39. Rc2 $2 (39. Ra1 $3 Qd5
(39... Rxb2 40. Rxa8+ Kh7 41. f3 Nd6 $11) 40. Qb8+ Qd8 (40... Kh7 $4 41. Ra8
$18) 41. Qxd8+ Rxd8 $11) 39... Rxc2 40. Qxc2 Qa1+ 41. Kh2 Qxe5+ $19) 38... Rd1+
39. Rxd1 Qxe4 $17 40. Rd8+ Kh7 41. Nxf7 Qb1+ 42. Kh2 Qf5 43. Rh8+ Kg6 44. Rf8 (
44. Nd8 Qxf2 45. Re8 Qd2 46. Rxe6+ (46. Nxe6 Kf7) 46... Kf5 $19) 44... Qc5 45.
Nh8+ Kh7 46. Rf4 g5 (46... Kxh8 47. h4 g5 48. hxg5 hxg5 49. Rd4) 47. Re4 Qd6+
48. g3 Qd2 49. Kg2 (49. Kg1 Qd1+ 50. Kh2 Qc2 $19) 49... Qd5 50. f3 Kxh8 0-1